[Event "2024 British Rapidplay Championship"]
[Site "Holiday Inn Peterborough - West"]
[Date "2024.03.03"]
[Round "7.15"]
[White "Okhai, Shabir"]
[Black "Vijayakumar, Rishi"]
[Result "1/2-1/2"]
[WhiteFideId "445134"]
[BlackFideId "2408953"]
[WhiteElo "2077"]
[BlackElo "1809"]
[EventDate "2024.03.02"]

1. e4 e5 2. Nf3 Nc6 3. Bc4 Bc5 4. c3 Nf6 5. d3 a6 6. a4 d6 7. O-O h6 8. Re1 Ba7 9.
Nbd2 Ng4 10. Re2 O-O 11. Nf1 Ne7 12. h3 Nf6 13. Nh4 c6 14. Be3 d5 15. Bb3 Bb8 16.
Re1 g5 17. Nf3 Ng6 18. Ng3 Nf4 19. Bc2 Re8 20. Nh2 dxe4 21. Nxe4 Nxe4 22. dxe4 Qxd1
23. Raxd1 1/2-1/2

[Event "2024 British Rapidplay Championship"]
[Site "Holiday Inn Peterborough - West"]
[Date "2024.03.03"]
[Round "7.16"]
[White "Dupuis, Denis K"]
[Black "Tiruchirapalli, Venkataramanan"]
[Result "1-0"]
[WhiteFideId "452980"]
[BlackFideId "5001579"]
[WhiteElo "1934"]
[BlackElo "2263"]
[EventDate "2024.03.02"]

1. e4 e5 2. Nf3 Nc6 3. Bc4 Bc5 4. c3 Nf6 5. d4 exd4 6. cxd4 Bb4+ 7. Bd2 Nxe4 8. Bxb4
Nxb4 9. Bxf7+ Kxf7 10. Qb3+ Kf8 11. Qxb4+ Qe7 12. Qxe7+ Kxe7 13. O-O Nf6 14. Re1+
Kd8 15. Nc3 d6 16. Re3 Bd7 17. Rae1 Re8 18. Rxe8+ Bxe8 19. Ng5 Kd7 20. Ne6 Bg6 21.
d5 c6 22. dxc6+ bxc6 23. Nd4 Re8 24. Rxe8 Nxe8 25. f4 c5 26. Nf3 Nf6 27. Kf2 Kc6
28. h3 h5 29. Ng5 d5 30. Ne6 d4 31. Nd1 Ne4+ 32. Kf3 Kd5 33. Nxg7 c4 34. f5 Bf7 35.
Ne6 c3 36. Nf4+ Kc6 37. bxc3 dxc3 38. Ne2 c2 39. Nd4+ Kd5 40. Nxc2 Ke5 41. Nde3 Bxa2
42. Nb4 Bf7 43. Nc6+ Kd6 44. Nxa7 Nc3 45. Nc8+ Ke5 46. g4 hxg4+ 47. hxg4 Ne4 48.
Nb6 Ng5+ 49. Kg3 Ke4 50. Nd1 Ke5 51. Nd7+ Kd6 52. Nf6 Ke5 53. Nd7+ Kd6 54. Nb6 Ke5
55. Nf2 Be8 56. Nc4+ Kd4 57. Nd6 Bc6 58. Kf4 Nf3 59. Nc8 Ne5 60. Ne7 Be8 61. g5 Bh5
62. Ng8 Bf7 63. Nf6 1-0

[Event "2024 British Rapidplay Championship"]
[Site "Holiday Inn Peterborough - West"]
[Date "2024.03.03"]
[Round "7.17"]
[White "Iyengar, Ilya"]
[Black "Ashton, Adam G"]
[Result "0-1"]
[WhiteFideId "405949"]
[BlackFideId "410110"]
[WhiteElo "1951"]
[BlackElo "2345"]
[EventDate "2024.03.02"]

1. d4 d5 2. Nf3 Nf6 3. c4 e6 4. cxd5 exd5 5. Nc3 c6 6. Bg5 Be7 7. Qc2 Nbd7 8. e3
h6 9. Bh4 Nh5 10. Bxe7 Qxe7 11. Be2 Nhf6 12. O-O O-O 13. Rab1 Nb6 14. Ne5 Nfd7 15.
Nd3 Nc4 16. Qc1 Nf6 17. b3 Nd6 18. Qa3 Bf5 19. Rbc1 Rfe8 20. Ne5 Nd7 21. Nxd7 Qxd7
22. Na4 Qe6 23. Nc5 Qg6 24. Bf3 a6 25. Rfd1 Re7 26. g3 Rae8 27. Bg2 h5 28. Qb2 h4
29. Qd2 Qh5 30. Re1 h3 31. Bf1 Bg4 32. Be2 Bf3 33. Qd1 Bxe2 34. Qxe2 Qf5 35. g4 Qg6
36. Kh1 Ne4 37. Rg1 Nxf2+ 38. Qxf2 b6 39. Rg3 bxc5 40. Rxc5 Qb1+ 41. Qg1 Qe4+ 0-1

[Event "2024 British Rapidplay Championship"]
[Site "Holiday Inn Peterborough - West"]
[Date "2024.03.03"]
[Round "7.18"]
[White "Repasi, Zoltan"]
[Black "Boswell, Jacob Connor"]
[Result "1/2-1/2"]
[WhiteFideId "724602"]
[BlackFideId "427110"]
[WhiteElo "2097"]
[BlackElo "2031"]
[EventDate "2024.03.02"]

1. d4 Nf6 2. c4 g6 3. Nc3 Bg7 4. e4 d6 5. Nf3 O-O 6. Be2 Nbd7 7. O-O e5 8. Be3 Ng4
9. Bg5 f6 10. Bc1 f5 11. exf5 gxf5 12. dxe5 dxe5 13. Qd5+ Kh8 14. Ng5 Qe7 15. Qe6
Qxe6 16. Nxe6 Rf7 17. Nxc7 Rb8 18. Bxg4 fxg4 19. Ne6 Nb6 20. Nxg7 Kxg7 21. b3 Bf5
22. Re1 Nd7 23. Be3 a6 24. Nd5 Nf6 25. Nxf6 Kxf6 26. Bb6 Rd7 27. Rad1 Re8 28. Rd3
Rd6 29. Rxd6+ Be6 30. Rd7 Bxd7 31. Rd1 Bc6 32. Rd6+ Re6 33. Rd2 Kf5 34. Ba7 h5 35.
Kf1 h4 36. Rd8 h3 37. Rf8+ Kg6 38. gxh3 gxh3 39. Ke2 Be4 40. f3 Bb1 41. c5 Bxa2 42.
b4 Re7 43. Bb8 e4 44. f4 Be6 45. Ke3 Bf5 46. Be5 Rf7 47. Rg8+ Kh7 48. Rg5 Kh6 49.
Bc3 Bg6 50. Rg3 Bf5 51. Be5 Rd7 52. Bd6 Rf7 53. Kd4 Kh5 54. Ke5 Kh6 55. Kd5 Kh5 56.
Kd4 Kh6 57. Rg5 Bg6 58. Ke3 Kh7 59. Be5 Kh6 60. Rg3 Bf5 61. Kf2 Rd7 62. Bd6 Kh7 63.
Rg5 Rf7 64. Kg3 Rg7 65. Be5 Rg6 66. Bd4 Kh6 67. Kh4 Rxg5 68. fxg5+ Kg6 69. Be3 Bd7
1/2-1/2

[Event "2024 British Rapidplay Championship"]
[Site "Holiday Inn Peterborough - West"]
[Date "2024.03.03"]
[Round "7.20"]
[White "Shearsby, Jude"]
[Black "Sivanandan, Bodhana"]
[Result "0-1"]
[WhiteFideId "462527"]
[BlackFideId "497592"]
[WhiteElo "2028"]
[BlackElo "1904"]
[EventDate "2024.03.02"]

1. d4 d5 2. Nc3 Nf6 3. Bf4 e6 4. Nb5 Na6 5. e3 Be7 6. Nf3 O-O 7. Bd3 c6 8. Nc3 c5
9. O-O Nb4 10. Be2 Nc6 11. Ne5 Nxe5 12. Bxe5 Bd7 13. Nb1 Rc8 14. c3 Qb6 15. Qb3 c4
16. Qc2 h6 17. Nd2 Qc6 18. Nf3 Ne4 19. Bf4 Bd6 20. Bxd6 Qxd6 21. Ne5 Bc6 22. f3 Nf6
23. b4 Nd7 24. Ng4 f5 25. Nf2 a6 26. e4 fxe4 27. fxe4 e5 28. Rad1 Nf6 29. Rfe1 exd4
30. Rxd4 Qc7 31. exd5 Bxd5 32. Ng4 Rcd8 33. Qg6 Nxg4 34. Bxg4 Bf7 35. Be6 Rxd4 36.
cxd4 Bxe6 37. Qxe6+ Qf7 38. a4 Qxe6 39. Rxe6 Rd8 40. d5 Rxd5 41. Re8+ Kh7 42. Rc8
b5 43. axb5 axb5 44. Kf2 Rd2+ 45. Kf3 Rb2 46. h4 Rxb4 47. Ke4 c3+ 48. Kd3 Rc4 49.
Rxc4 bxc4+ 50. Kxc3 Kg6 51. Kxc4 Kh5 52. Kd3 Kxh4 53. Ke2 Kg3 54. Kf1 Kh2 55. Kf2
g5 56. Kf3 h5 57. Kf2 g4 58. Kf1 g3 0-1

[Event "2024 British Rapidplay Championship"]
[Site "Holiday Inn Peterborough - West"]
[Date "2024.03.03"]
[Round "7.21"]
[White "Dasgupta, Avyukt"]
[Black "Manley, Jon P"]
[Result "1/2-1/2"]
[WhiteFideId "480630"]
[BlackFideId "403296"]
[WhiteElo "1905"]
[BlackElo "2160"]
[EventDate "2024.03.02"]

1. e4 e5 2. Nf3 Nc6 3. Bb5 f5 4. d3 fxe4 5. dxe4 Nf6 6. O-O Bc5 7. Bxc6 bxc6 8. Nxe5
O-O 9. Nc3 Qe8 10. Nd3 Bb6 11. Re1 d6 12. Be3 Qg6 13. Bxb6 axb6 14. f3 Bd7 15. e5
Nh5 16. exd6 cxd6 17. Qd2 Rxf3 18. Rf1 Rxf1+ 19. Rxf1 Re8 20. Qf2 b5 21. a3 Nf6 22.
Nf4 Qf7 23. h3 Qc4 24. Nd3 h6 25. Qg3 Qd4+ 26. Kh1 Ne4 27. Nxe4 Rxe4 28. Nf4 Qe5
29. Qf2 Qg5 30. Qf3 Re5 31. Nd3 Rf5 32. Qe2 Rxf1+ 33. Qxf1 Qd5 34. Kh2 Bf5 35. Qe2
Kh7 36. Nb4 Qc5 37. c3 Bg6 38. Qf3 d5 39. Qg3 Qc4 40. Qd6 Be4 41. Nxc6 Qe2 42. Qg3
Qxb2 43. Nd4 Qxa3 44. Nxb5 Qc5 45. Nd4 Qe7 46. Nc6 Qc5 47. Nd4 Qe7 48. Nc6 Qf6 49.
Ne5 Qf5 50. Nc6 Qf6 51. Nd4 Qf7 52. Ne2 Qf5 53. Nd4 1/2-1/2

[Event "2024 British Rapidplay Championship"]
[Site "Holiday Inn Peterborough - West"]
[Date "2024.03.03"]
[Round "7.22"]
[White "Khoury, Theo"]
[Black "Waldhausen Gordon, Frederick"]
[Result "0-1"]
[WhiteFideId "480703"]
[BlackFideId "2409143"]
[WhiteElo "1968"]
[BlackElo "2045"]
[EventDate "2024.03.02"]

1. e4 c5 2. Nf3 Nc6 3. d4 cxd4 4. Nxd4 Nf6 5. Nc3 e5 6. Ndb5 d6 7. Bg5 a6 8. Na3
b5 9. Nd5 Be7 10. Bxf6 Bxf6 11. c3 O-O 12. Nc2 Rb8 13. h4 g6 14. g3 Bg7 15. h5 Ne7
16. Bg2 Nxd5 17. Qxd5 Be6 18. Qd2 a5 19. Ne3 b4 20. c4 b3 21. a3 a4 22. Nd5 Rc8 23.
Rc1 Bxd5 24. Qxd5 Qg5 25. Rc3 Rc5 26. Qd2 Bh6 27. Qxg5 Bxg5 28. hxg6 hxg6 29. Bh3
f5 30. Bg2 d5 31. exf5 d4 32. Rd3 gxf5 33. Bd5+ Kg7 34. f4 Bf6 35. fxe5 Bxe5 36.
Kf2 Rd8 37. Kf3 Kg6 38. g4 Rf8 39. gxf5+ Rxf5+ 40. Ke4 Rg5 41. Rdh3 Bg7 42. Kd3 Rc7
43. Rf1 Be5 44. Rf2 Rg1 45. Be4+ Kg5 46. Rf5+ Kg4 47. Rh6 Rg3+ 48. Kd2 Bf4+ 49. Rxf4+
Kxf4 50. Bd5 d3 51. Rh4+ Kg5 52. Rh2 Re7 53. Rf2 Rge3 54. Bc6 Re2+ 55. Rxe2 dxe2
56. Ke1 Kf4 57. c5 Ke3 58. Bb5 Re5 59. Bxe2 Rxc5 60. Kd1 Rd5+ 61. Ke1 Rd2 62. Bb5
Rxb2 0-1

[Event "2024 British Rapidplay Championship"]
[Site "Holiday Inn Peterborough - West"]
[Date "2024.03.03"]
[Round "7.23"]
[White "White, Stuart A"]
[Black "Verbytski, Oleg"]
[Result "0-1"]
[WhiteFideId "407747"]
[BlackFideId "495506"]
[WhiteElo "2147"]
[BlackElo "1894"]
[EventDate "2024.03.02"]

1. d4 d5 2. c4 e6 3. Nc3 Nf6 4. cxd5 exd5 5. Bg5 c6 6. e3 h6 7. Bh4 Be7 8. Bd3 O-O
9. Qc2 Re8 10. Nge2 Nbd7 11. O-O Nf8 12. f3 b5 13. Rad1 Bd7 14. Kh1 Rc8 15. Bf2 Qa5
16. a3 b4 17. axb4 Qxb4 18. Ra1 Rb8 19. Rfb1 a5 20. Qa4 Ra8 21. Qxb4 axb4 22. Na4
Reb8 23. b3 Ne6 24. e4 dxe4 25. fxe4 Ng5 26. Ng3 g6 27. Re1 h5 28. h4 Ne6 29. e5
Ng4 30. Kg1 Nxf2 31. Kxf2 Nxd4 32. Rab1 Be6 33. Ne4 Nxb3 34. Nb2 Bxh4+ 35. g3 Be7
36. Nc4 Nc5 37. Nxc5 Bxc5+ 38. Ne3 Bd4 0-1

[Event "2024 British Rapidplay Championship"]
[Site "Holiday Inn Peterborough - West"]
[Date "2024.03.03"]
[Round "7.24"]
[White "Starley, Robert"]
[Black "Nicholas, Koichi B"]
[Result "0-1"]
[WhiteFideId "421006"]
[BlackFideId "409820"]
[WhiteElo "1944"]
[BlackElo "1987"]
[EventDate "2024.03.02"]

1. e4 e5 2. Nf3 Nc6 3. Bb5 a6 4. Ba4 Nf6 5. O-O Be7 6. Re1 b5 7. Bb3 O-O 8. h3 Bb7
9. c3 d5 10. exd5 Nxd5 11. Nxe5 Nxe5 12. Rxe5 Nf4 13. f3 Nd3 14. Re3 Bc5 15. Bc2
Qd6 16. Na3 Rad8 17. Qf1 Bxe3+ 18. dxe3 Nxc1 19. Rxc1 Qd2 20. Re1 b4 21. Re2 Qd6
22. cxb4 Qxb4 23. Qf2 a5 24. Nb1 Ba6 25. a3 Qb6 26. Rd2 g6 27. b3 Rfe8 28. e4 Rxd2
29. Nxd2 Rd8 30. Nb1 Bd3 31. Bxd3 Rxd3 32. Qxb6 cxb6 33. Kf2 Rxb3 34. Nd2 Rxa3 35.
Nc4 Ra2+ 36. Kg3 b5 37. Nd6 b4 38. f4 b3 39. Nc4 b2 40. Nd2 Ra1 41. f5 b1=Q 42. Nxb1
Rxb1 0-1

[Event "2024 British Rapidplay Championship"]
[Site "Holiday Inn Peterborough - West"]
[Date "2024.03.03"]
[Round "7.25"]
[White "Keerthi Kumar, Advait"]
[Black "Southcott-Moyers, Indy"]
[Result "1/2-1/2"]
[WhiteFideId "498033"]
[BlackFideId "488542"]
[WhiteElo "1838"]
[BlackElo "1993"]
[EventDate "2024.03.02"]

1. e4 e5 2. Nf3 Nc6 3. Bc4 Bc5 4. c3 Nf6 5. d3 d6 6. O-O O-O 7. h3 h6 8. Bb3 a6 9.
a3 Ba7 10. Be3 Bxe3 11. fxe3 Be6 12. Bc2 Ne7 13. d4 Ng6 14. Nbd2 c6 15. Qe2 Nh7 16.
Rad1 Qe7 17. Nc4 b5 18. Na5 Qc7 19. b4 c5 20. d5 Bd7 21. Nb3 cxb4 22. cxb4 Rac8 23.
Rc1 Qb6 24. Bd3 Nf6 25. Kh2 Rfe8 26. Qd2 Rxc1 27. Rxc1 Nxd5 28. exd5 e4 29. Bxb5
Qxb5 30. Nfd4 Qxd5 31. Rc7 Ba4 32. Nc1 Ne5 33. Qc3 Bb5 34. Qc2 Bd3 35. Qc3 g6 36.
Ncb3 1/2-1/2

[Event "2024 British Rapidplay Championship"]
[Site "Holiday Inn Peterborough - West"]
[Date "2024.03.03"]
[Round "7.26"]
[White "Brett, Andrew R"]
[Black "Fava, Lorenzo"]
[Result "1/2-1/2"]
[WhiteFideId "416460"]
[BlackFideId "2837434"]
[WhiteElo "2119"]
[BlackElo "1913"]
[EventDate "2024.03.02"]

1. d4 Nf6 2. c4 e6 3. Nc3 d5 4. cxd5 exd5 5. Bg5 c6 6. Qc2 Be7 7. e3 O-O 8. Bd3 h6
9. Bh4 Re8 10. Nge2 Ne4 11. Bxe7 Qxe7 12. O-O Nd7 13. Rae1 Ndf6 14. f3 Nxc3 15. Nxc3
c5 16. dxc5 Qxc5 17. Qf2 Bd7 18. e4 Qxf2+ 19. Rxf2 Bc6 20. Rfe2 Rad8 21. exd5 Rxe2
22. Rxe2 Nxd5 23. Nxd5 Bxd5 24. Rd2 Rb8 25. Bh7+ Kxh7 26. Rxd5 Rc8 27. Rd2 Kg6 28.
Kf2 Kf6 29. g3 g6 30. h4 h5 31. Ke3 Ke6 32. Kf4 Rc5 33. g4 Rb5 34. b3 Rb4+ 35. Kg3
hxg4 36. fxg4 f5 37. gxf5+ gxf5 38. Rh2 Kf6 39. h5 Kg7 40. h6+ Kh7 41. Rh5 a5 42.
Rxf5 Kxh6 43. Rxa5 Kg6 44. Re5 Kf6 45. Re3 Rd4 46. Kf3 Rd2 47. Re2 Rd3+ 48. Ke4 Rd1
49. Kf3 Rf1+ 50. Kg2 Rd1 51. Kf2 Kf7 52. Ke3 Ke6 53. Rd2 Re1+ 54. Kf3 Rc1 55. Rd3
Rc2 56. a4 Ke5 57. Ke3 Rb2 58. Kf3 Rc2 59. Ke3 Rb2 60. Rc3 Kd5 61. Kd3 b6 62. Ke3
Rh2 63. Kd3 Ke5 1/2-1/2

[Event "2024 British Rapidplay Championship"]
[Site "Holiday Inn Peterborough - West"]
[Date "2024.03.03"]
[Round "7.27"]
[White "Hryshchenko, Kamila"]
[Black "Vaidyanathan, Adithya"]
[Result "1-0"]
[WhiteFideId "14147491"]
[BlackFideId "495450"]
[WhiteElo "2118"]
[BlackElo "1805"]
[EventDate "2024.03.02"]

1. e4 c5 2. d3 Nc6 3. Be2 e6 4. f4 g6 5. Nf3 Bg7 6. O-O d5 7. Qe1 Nge7 8. c3 c4 9.
dxc4 dxe4 10. Ng5 f5 11. Be3 h6 12. Nh3 Qc7 13. Na3 a6 14. Qf2 O-O 15. Rad1 e5 16.
Bb6 Qb8 17. Bc5 Be6 18. Qh4 Qe8 19. Nc2 exf4 20. Qxf4 g5 21. Qe3 f4 22. Nxf4 Rxf4
23. Rxf4 gxf4 24. Qxf4 Qf7 25. Qe3 Bxc4 26. Rd7 Bxe2 27. Qxe2 Qe6 28. Rxb7 Qe5 29.
b4 Nd5 30. Qc4 Kh8 31. Bf2 Qxc3 32. Qxe4 Nce7 33. Rxe7 Nxe7 34. Qxa8+ Kh7 35. Qe4+
Kg8 36. h4 Be5 37. Ne3 Qc1+ 38. Nf1 Bd6 39. Qe6+ Kf8 40. Qxd6 Kf7 41. Be3 Qe1 42.
Qf4+ Ke8 43. Qxh6 Qxb4 44. Qh8+ Kf7 45. Qd4 Qb1 46. Qc4+ Ke8 47. Qxa6 Nf5 48. Qg6+
Ke7 49. g4 Qxa2 50. Qxf5 Qe2 51. Qe4+ Kd7 52. Qf4 Ke8 53. h5 Qe1 54. Bf2 Qa5 55.
h6 1-0

[Event "2024 British Rapidplay Championship"]
[Site "Holiday Inn Peterborough - West"]
[Date "2024.03.03"]
[Round "7.28"]
[White "Pang, Ethan"]
[Black "Mirzoeva, Elmira"]
[Result "1/2-1/2"]
[WhiteFideId "496995"]
[BlackFideId "4127951"]
[WhiteElo "1887"]
[BlackElo "2206"]
[EventDate "2024.03.02"]

1. e4 c6 2. d4 d5 3. exd5 cxd5 4. Bd3 Nc6 5. c3 Nf6 6. h3 g6 7. Nf3 Bg7 8. O-O Bf5
9. Bf4 O-O 10. Bxf5 gxf5 11. Qd3 Ne4 12. Nbd2 f6 13. Qe2 e5 14. Bh2 Qd7 15. Nb3 Rad8
16. Rad1 Qe6 17. Nfd2 Rfe8 18. Nxe4 fxe4 19. Nc5 Qf7 20. Qb5 Re7 21. Rfe1 exd4 22.
cxd4 a6 23. Nxa6 f5 24. Nb4 Nxd4 25. Qb6 Rc8 26. Rxd4 Bxd4 27. Qxd4 Rc4 28. Qd2 Rd7
29. b3 Rc8 30. Be5 Qg6 31. Bb2 Kf7 32. Qd4 Rg8 33. g3 f4 34. g4 h5 35. Qe5 hxg4 36.
Qxf4+ Ke7 37. Qe5+ Qe6 38. h4 Qxe5 39. Bxe5 Ke6 40. Bd4 Rh7 41. Kg2 Rxh4 42. Nc2
Rc8 43. Ne3 Rc7 44. Rh1 Rxh1 45. Kxh1 Rc1+ 46. Kg2 Rc6 47. Kg3 Ra6 48. a4 Ra8 49.
Nxg4 Rf8 50. Ne3 Rg8+ 51. Kh2 Ra8 52. Kg1 Rg8+ 53. Kf1 Rg5 54. b4 Kd6 55. Nc2 Rh5
56. Ke2 Rh1 57. Kd2 Rb1 58. Kc3 Rd1 59. b5 Rd3+ 60. Kb4 Rd2 61. Kc3 Rd3+ 62. Kb4
Rd2 63. Kc3 Rd3+ 1/2-1/2

[Event "2024 British Rapidplay Championship"]
[Site "Holiday Inn Peterborough - West"]
[Date "2024.03.03"]
[Round "7.29"]
[White "Pickard, Charles"]
[Black "Baer, Bruce L"]
[Result "1-0"]
[WhiteFideId "470880"]
[BlackFideId "488801"]
[WhiteElo "2190"]
[BlackElo "1918"]
[EventDate "2024.03.02"]

1. Nf3 d6 2. d4 g6 3. g3 Bg7 4. Bg2 Nd7 5. O-O e5 6. e4 Ngf6 7. Re1 O-O 8. c4 exd4
9. Nxd4 a5 10. Nc3 Nc5 11. Ndb5 Be6 12. b3 a4 13. Rb1 axb3 14. axb3 Ne8 15. Be3 c6
16. Nd4 Na6 17. Qd2 Qd7 18. Red1 c5 19. Ndb5 Nb4 20. Bxc5 dxc5 21. Qxd7 Bxd7 22.
Rxd7 b6 23. e5 Rb8 24. f4 g5 25. Nd5 gxf4 26. gxf4 Bh6 27. Nxb4 cxb4 28. Rf1 Kh8
29. Bd5 Rg8+ 30. Kh1 Rg4 31. Rxf7 Ng7 32. Nd6 Nh5 33. Rf5 Rh4 34. Nf7+ Kg7 35. Rg1+
1-0

[Event "2024 British Rapidplay Championship"]
[Site "Holiday Inn Peterborough - West"]
[Date "2024.03.03"]
[Round "7.30"]
[White "Hanache, Kai"]
[Black "Mikalajunas, Kajus"]
[Result "1-0"]
[WhiteFideId "490105"]
[BlackFideId "483621"]
[WhiteElo "1886"]
[BlackElo "2042"]
[EventDate "2024.03.02"]

1. e4 c6 2. d4 d5 3. Nc3 dxe4 4. Nxe4 Nf6 5. Nxf6+ exf6 6. c3 Bd6 7. Bd3 O-O 8. Ne2
Nd7 9. Qc2 h5 10. Be3 Re8 11. O-O-O Nb6 12. c4 Bc7 13. Rhe1 Be6 14. Ng3 Bg4 15. Be2
g6 16. Bxg4 hxg4 17. h4 Qd7 18. Ne2 f5 19. h5 Re6 20. a4 Rae8 21. g3 Qe7 22. hxg6
fxg6 23. d5 Re4 24. Qb3 Nxc4 25. Nc3 Na5 26. Qa2 Rc4 27. Bf4 Bxf4+ 28. gxf4 Qf7 29.
Rxe8+ Qxe8 30. d6 Qd8 31. d7 Kf8 32. Qa3+ Kf7 33. Qd6 Nb3+ 34. Kc2 Nc5 35. Kb1 Ne4
36. Nxe4 Rxe4 37. Rh1 Kg7 38. Qd3 c5 39. Qc3+ Rd4 40. Qxc5 Qxd7 41. Qe5+ Kg8 42.
Qh8+ Kf7 43. Rh7+ Ke6 44. Qe5# 1-0

[Event "2024 British Rapidplay Championship"]
[Site "Holiday Inn Peterborough - West"]
[Date "2024.03.03"]
[Round "7.31"]
[White "Herring, Sam AC"]
[Black "Jermy, Jaden"]
[Result "0-1"]
[WhiteFideId "429767"]
[BlackFideId "459496"]
[WhiteElo "1895"]
[BlackElo "1978"]
[EventDate "2024.03.02"]

1. Nf3 Nf6 2. g3 d5 3. Bg2 e6 4. d4 Be7 5. O-O O-O 6. c4 dxc4 7. Qc2 b5 8. a4 a6
9. axb5 Bb7 10. bxa6 Nxa6 11. Na3 Nb4 12. Qd1 Bd5 13. Ne5 c5 14. Be3 cxd4 15. Bxd4
Bxg2 16. Kxg2 Qd5+ 17. Nf3 Rfd8 18. Qc1 Rac8 19. Rd1 Qe4 20. Qe3 Qb7 21. Rac1 Nbd5
22. Qd2 Ne4 23. Qc2 Nb4 24. Qb1 Nd6 25. Kg1 f6 26. Nc2 Nd5 27. Ne3 Nxe3 28. Bxe3
e5 29. Qc2 Qb5 30. Rd2 Rc6 31. Rcd1 Rdc8 32. Rd5 Qb8 33. Bd2 Qb3 34. Rc1 Qxc2 35.
Rxc2 Ne4 36. Be1 Kf7 37. Nd2 Ke6 38. Rb5 Nd6 39. Ra5 Nf5 40. Ra4 c3 41. Rxc3 Rxc3
42. bxc3 Rxc3 43. Ra6+ Kf7 44. Ra1 Nd4 45. Kf1 Rc7 46. e3 Nc2 47. Rc1 Nxe3+ 48. fxe3
Rxc1 49. Ke2 Bb4 50. h4 f5 51. Nf3 Bxe1 52. Nxe1 Rxe1+ 53. Kxe1 Ke6 54. Ke2 h5 55.
Kd2 Kd5 56. Kd3 g6 57. Kd2 Ke4 58. Ke2 f4 59. exf4 exf4 60. gxf4 Kxf4 61. Kf2 Kg4
62. Kg2 Kxh4 63. Kh2 Kg4 64. Kg2 h4 65. Kh2 Kf3 66. Kh3 g5 67. Kh2 g4 68. Kh1 Kf2
69. Kh2 g3 0-1

[Event "2024 British Rapidplay Championship"]
[Site "Holiday Inn Peterborough - West"]
[Date "2024.03.03"]
[Round "7.32"]
[White "Frostick, Clive A"]
[Black "Mokhber-Garcia, Sebastian"]
[Result "1-0"]
[WhiteFideId "411302"]
[BlackFideId "499269"]
[WhiteElo "2162"]
[BlackElo "1909"]
[EventDate "2024.03.02"]

1. e4 e5 2. Nc3 Nf6 3. Nf3 Nc6 4. d4 exd4 5. Nxd4 Bb4 6. Nxc6 bxc6 7. Bd3 d5 8. exd5
cxd5 9. O-O O-O 10. h3 Bb7 11. Qf3 Rb8 12. Bg5 Be7 13. Rfe1 d4 14. Ne4 Nxe4 15. Bxe7
Qxe7 16. Bxe4 Bxe4 17. Rxe4 Qc5 18. b3 Rbe8 19. Rae1 Rd8 20. Qd3 Qa5 21. a4 c5 22.
Re7 Rd7 23. R1e5 Rdd8 24. g3 g6 25. h4 h5 26. R5e6 f5 27. Rxg6+ Kh8 28. Rh6+ Kg8
29. Qc4+ 1-0

[Event "2024 British Rapidplay Championship"]
[Site "Holiday Inn Peterborough - West"]
[Date "2024.03.03"]
[Round "7.33"]
[White "Jackson, Sheila"]
[Black "Banerjee, Supratit"]
[Result "0-1"]
[WhiteFideId "402508"]
[BlackFideId "2410079"]
[WhiteElo "1986"]
[BlackElo "1962"]
[EventDate "2024.03.02"]

1. e4 e6 2. d4 d5 3. Nd2 dxe4 4. Nxe4 Nd7 5. Nf3 Ngf6 6. Bd3 Nxe4 7. Bxe4 Nf6 8.
Bd3 c5 9. dxc5 Bxc5 10. O-O O-O 11. Qe2 b6 12. Bg5 Bb7 13. Rad1 Qc7 14. Bxf6 gxf6
15. Be4 Rad8 16. c3 a5 17. Bxb7 Qxb7 18. a4 Qc6 19. Qb5 Qxb5 20. axb5 e5 21. Nh4
h5 22. Nf5 Kh7 23. Ng3 Kg6 24. Ne4 Be7 25. f3 f5 26. Nf2 Bc5 27. Rfe1 f6 28. Kf1
h4 29. Rxd8 Rxd8 30. Rd1 Rxd1+ 31. Nxd1 f4 32. h3 f5 33. Ke2 e4 34. b3 Kf6 35. Nb2
Ke5 36. Nc4+ Kd5 37. Nb2 Bg1 38. Na4 Be3 39. fxe4+ fxe4 40. Kf1 f3 41. Nb2 Bc5 42.
gxf3 exf3 43. Nd3 Be3 44. Nb2 Ke4 45. Ke1 Ke5 0-1

[Event "2024 British Rapidplay Championship"]
[Site "Holiday Inn Peterborough - West"]
[Date "2024.03.03"]
[Round "7.34"]
[White "Young, Daniel J"]
[Black "Zhao, George"]
[Result "0-1"]
[WhiteFideId "425184"]
[BlackFideId "494607"]
[WhiteElo "1921"]
[BlackElo "1909"]
[EventDate "2024.03.02"]

1. e4 e6 2. d4 d5 3. Nc3 dxe4 4. Nxe4 Nd7 5. Nf3 Ngf6 6. Nxf6+ Nxf6 7. Bg5 c5 8.
Bd3 cxd4 9. Nxd4 Bc5 10. Nb3 Be7 11. Qe2 O-O 12. O-O-O Qc7 13. h4 a5 14. a3 a4 15.
Nd4 Rd8 16. Nb5 Qc5 17. Be3 Qe5 18. g4 Nd5 19. Bd4 Qxe2 20. Bxe2 Bd7 21. Be5 Bc6
22. Nd4 Nf4 23. Bf3 Rxd4 24. Bxc6 Ne2+ 25. Kb1 Rxd1+ 26. Rxd1 bxc6 27. Re1 f6 28.
Rxe2 fxe5 29. Rxe5 Kf7 30. h5 Rb8 31. Kc1 Bf6 32. Re4 Bxb2+ 33. Kd2 Rd8+ 34. Ke2
Rd4 35. Rxd4 Bxd4 36. Kd3 Bb2 0-1

[Event "2024 British Rapidplay Championship"]
[Site "Holiday Inn Peterborough - West"]
[Date "2024.03.03"]
[Round "7.35"]
[White "Ortiz Sanchez, Luis"]
[Black "Kovalskyi, Roman"]
[Result "0-1"]
[WhiteFideId "24581160"]
[BlackFideId "14184214"]
[WhiteElo "1909"]
[BlackElo "1983"]
[EventDate "2024.03.02"]

1. e4 c5 2. Nc3 g6 3. f4 Bg7 4. Nf3 d6 5. Bb5+ Bd7 6. a4 Nc6 7. d3 e6 8. O-O Nge7
9. Qe1 Nd4 10. Nxd4 cxd4 11. Ne2 O-O 12. Qb4 Bxb5 13. axb5 Qb6 14. Qb3 Rfc8 15. Kh1
Rc5 16. c4 dxc3 17. Nxc3 Bxc3 18. bxc3 Rxb5 19. Qc2 Rc8 20. c4 d5 21. exd5 Rxd5 22.
Qe2 Ra5 23. Bb2 Nc6 24. Qd2 Rxa1 25. Rxa1 Rd8 26. Bf6 Rd6 27. Rc1 Qb4 28. Qe3 Qa3
29. Rd1 Qb3 30. Qf3 Nd4 31. Qf1 Nf5 32. Rb1 Qxd3 33. Qxd3 Rxd3 34. g4 Ne3 35. g5
Rd1+ 36. Rxd1 Nxd1 37. Bd4 a5 38. Kg1 a4 39. Kf1 a3 40. Ke2 Nb2 41. c5 Na4 42. Kd2
a2 43. Kc2 Nxc5 44. Ba1 b5 45. Kc3 Kf8 46. Kb4 Nd3+ 47. Kxb5 Nxf4 48. Ka4 Nh3 49.
Ka3 Nxg5 50. Kxa2 Nf3 51. h3 Ke7 52. Bc3 Ng1 53. h4 Nf3 54. Kb2 Nxh4 55. Kc2 g5 56.
Kd3 f5 57. Ke3 Ng6 58. Kf3 e5 59. Bd2 Kf6 60. Bc1 h5 61. Kg3 h4+ 62. Kh3 g4+ 63.
Kg2 f4 64. Bb2 Kf5 65. Ba3 f3+ 66. Kf2 Nf4 67. Be7 Ng2 68. Kg1 e4 69. Bc5 g3 70.
Kh1 e3 71. Bb4 Kg4 72. Bc3 f2 73. Kxg2 e2 74. Be1 f1=Q# 0-1

[Event "2024 British Rapidplay Championship"]
[Site "Holiday Inn Peterborough - West"]
[Date "2024.03.03"]
[Round "7.36"]
[White "Harvey, Alan"]
[Black "Lalic, Susan K"]
[Result "0-1"]
[WhiteFideId "445886"]
[BlackFideId "401510"]
[WhiteElo "1996"]
[BlackElo "2059"]
[EventDate "2024.03.02"]

1. f4 g6 2. Nf3 Bg7 3. g3 d5 4. Bg2 c5 5. d3 Nc6 6. O-O Nf6 7. c3 O-O 8. Na3 d4 9.
c4 Rb8 10. Nc2 Bg4 11. h3 Bd7 12. Qe1 a5 13. Nh4 e6 14. g4 Ne7 15. Bd2 b6 16. a4
Bc6 17. Bxc6 Nxc6 18. f5 gxf5 19. gxf5 Kh8 20. fxe6 fxe6 21. Bg5 Qe8 22. Ng2 Qg6
23. Qh4 h6 24. Bd2 Nh5 25. Qe4 Qxe4 26. dxe4 Ng3 27. Rxf8+ Rxf8 28. Re1 Nxe4 29.
Bf4 e5 30. Bh2 Bf6 31. Rf1 Kg7 32. Nce1 Nd2 33. Rf2 Nxc4 34. Nd3 Nb4 35. Bg3 Nxd3
36. exd3 Nd6 37. Re2 Re8 38. Ne1 Nf5 39. Bf2 Bh4 40. Re4 Bxf2+ 41. Kxf2 Kf6 42. b3
Rg8 43. Nf3 Re8 44. Re1 Ne3 45. Nd2 Rg8 46. Ne4+ Ke6 47. Rg1 Rxg1 48. Kxg1 Kf5 49.
Kf2 Nd1+ 50. Kf3 Nc3 51. Nd6+ Ke6 52. Ne4 0-1

[Event "2024 British Rapidplay Championship"]
[Site "Holiday Inn Peterborough - West"]
[Date "2024.03.03"]
[Round "7.38"]
[White "Rich, Ben S"]
[Black "Dicen, Elis Denele"]
[Result "1-0"]
[WhiteFideId "490431"]
[BlackFideId "462560"]
[WhiteElo "1918"]
[BlackElo "1892"]
[EventDate "2024.03.02"]

1. a3 d5 2. c4 e6 3. b4 Nf6 4. Bb2 Be7 5. Nf3 O-O 6. Qc2 b6 7. d3 Bb7 8. Nbd2 c5
9. b5 Nbd7 10. e3 Qc7 11. Be2 Rac8 12. Rc1 e5 13. cxd5 Nxd5 14. O-O Bf6 15. Ne4 Be7
16. Qb3 Kh8 17. d4 exd4 18. Nxd4 Qe5 19. Nc6 Qxe4 20. Bf3 Qh4 21. Bxd5 Bxc6 22. Bxc6
Nf6 23. Rc4 Qg5 24. Qa4 Bd6 25. h3 Rc7 26. Rd1 Rd8 27. Rf4 Be7 28. Rxd8+ Bxd8 29.
Qd1 Be7 30. Qf3 h6 31. h4 Qg6 32. Bxf6 Bxf6 33. Be4 c4 34. Bxg6 fxg6 35. Rxf6 gxf6
36. Qxf6+ Kh7 37. Qc3 Rc5 38. a4 g5 39. hxg5 hxg5 40. e4 Kg6 41. f3 Kf7 42. Kf2 Ke6
43. Ke3 Rc7 44. g3 Rc5 45. f4 gxf4+ 46. gxf4 Kd7 47. f5 Ke7 48. e5 Kf7 49. Kf4 Rc8
50. e6+ Ke8 51. Qh8+ Ke7 52. Qxc8 a6 53. Ke5 a5 54. f6# 1-0